|
|
|
|
| LEADER |
01344nam a2200265 a 4500 |
| 001 |
00025819 |
| 003 |
BD-DhAAL |
| 008 |
120826s2007 ko ab 001 0 mul d |
| 020 |
|
|
|a 9788971417843
|
| 040 |
|
|
|a BD-DhAAL
|c BD-DhAAL
|
| 082 |
0 |
4 |
|a 495.782
|2 22
|
| 245 |
1 |
0 |
|6 880-01
|a Yŏnse Han'gugŏ.
|p English version = Yonsei Korean 1 /
|c Yŏnse Taehakkyo Han'gugŏ Haktang p'yŏn.
|
| 246 |
2 |
|
|a Yonsei Korean 1
|
| 260 |
|
|
|a Sŏul-si :
|b Yŏnse Taehakkyo Ch'ulp'anbu,
|c 2007.
|
| 300 |
|
|
|a v. :
|b ill. ;
|c 30 cm. + Computer optical discs (4 3/4 in.)
|
| 500 |
|
|
|a Includes index.
|
| 541 |
|
|
|a 00025819
|
| 650 |
|
0 |
|a Korean language
|v Textbooks for foreign speakers.
|9 59422
|
| 710 |
2 |
|
|a Yŏnse Taehakkyo
|9 59423
|
| 852 |
1 |
|
|a Ayesha Abed Library
|c General Stacks
|
| 880 |
|
|
|6 245-01
|a 연세 한국어 1.
|p English version = Yonsei Korean 1.
|
| 942 |
|
|
|2 ddc
|c BK
|
| 999 |
|
|
|c 12772
|d 12772
|
| 952 |
|
|
|0 0
|1 0
|2 ddc
|4 0
|6 495_782000000000000_YON
|7 0
|9 21031
|a BRACUL
|b BRACUL
|c GEN
|d 2012-08-28
|e BIL
|g 2148.67
|l 2
|m 30
|o 495.782 YON
|p 3010025819
|r 2024-09-22
|s 2024-01-30
|t 1
|w 2012-08-28
|y BK
|x Transferred from King Sejong Institute (BIL) to BRACUL on 11/10/23 ; The book has two parts and same accession no of these parts.
|
| 952 |
|
|
|0 0
|1 0
|2 ddc
|4 0
|6 495_782000000000000_YON
|7 0
|9 21032
|a BRACUL
|b BRACUL
|d 2012-08-28
|e BIL
|g 2148.67
|l 0
|o 495.782 YON
|p 4010025819
|r 2012-08-28
|t 1
|w 2012-08-28
|y AV
|